ARRUPE JESUIT UNIVERSITY

CORONAVIRUS -STOP THE SPREAD - CLEAN,DISINFECT,COVER

The Penguin book of Irish verse; (Record no. 118265)

MARC details
000 -LEADER
fixed length control field 00832cam a2200277 4500
001 - CONTROL NUMBER
control field 4566847
003 - CONTROL NUMBER IDENTIFIER
control field ARRUPE
005 - DATE AND TIME OF LATEST TRANSACTION
control field 20131007165036.0
008 - FIXED-LENGTH DATA ELEMENTS--GENERAL INFORMATION
fixed length control field 710331s1970 enk 001 0 eng
010 ## - LIBRARY OF CONGRESS CONTROL NUMBER
LC control number 73545382
015 ## - NATIONAL BIBLIOGRAPHY NUMBER
National bibliography number B70-13002
020 ## - INTERNATIONAL STANDARD BOOK NUMBER
International Standard Book Number 0140421211
040 ## - CATALOGING SOURCE
Original cataloging agency DLC
Transcribing agency DLC
Modifying agency DLC
050 00 - LIBRARY OF CONGRESS CALL NUMBER
Classification number PR8851
Item number .K4
300 ## - PHYSICAL DESCRIPTION
Dimensions 18 cm.
100 1# - MAIN ENTRY--PERSONAL NAME
Personal name Kennelly, Brendan,
Relator term comp.
9 (RLIN) 2181
245 14 - TITLE STATEMENT
Title The Penguin book of Irish verse;
Statement of responsibility, etc introduced and edited by Brendan Kennelly.
260 ## - PUBLICATION, DISTRIBUTION, ETC. (IMPRINT)
Place of publication, distribution, etc Harmondsworth,
Name of publisher, distributor, etc Penguin,
Date of publication, distribution, etc 1970.
300 ## - PHYSICAL DESCRIPTION
Extent 428 p.
350 ## - PRICE (NR) (BK AM CF MU VM SE) [OBSOLETE]
Price 10/-
490 0# - SERIES STATEMENT
Series statement Penguin poets
650 #0 - SUBJECT ADDED ENTRY--TOPICAL TERM
Topical term or geographic name as entry element English poetry
General subdivision Irish authors.
9 (RLIN) 2182
650 #0 - SUBJECT ADDED ENTRY--TOPICAL TERM
Topical term or geographic name as entry element Irish poetry
General subdivision Translations into English.
9 (RLIN) 2183
651 #0 - SUBJECT ADDED ENTRY--GEOGRAPHIC NAME
Geographic name Ireland
Form subdivision Poetry.
9 (RLIN) 2184
906 ## - LOCAL DATA ELEMENT F, LDF (RLIN)
a 7
b cbc
c orignew
d 3
e ncip
f 19
g y-gencatlg
942 ## - ADDED ENTRY ELEMENTS (KOHA)
Source of classification or shelving scheme Library of Congress Classification
Koha item type Monograph ( Printed materials)
Holdings
Withdrawn status Lost status Source of classification or shelving scheme Damaged status Not for loan Home library Current library Shelving location Date acquired Total Checkouts Full call number Barcode Date last seen Price effective from Koha item type
    Library of Congress Classification     ARRUPE LIBRARY ARRUPE LIBRARY Main Collection 07/10/2013   PR8851 .K4 46410719 07/10/2013 07/10/2013 Monograph ( Printed materials)

 

Arrupe Library. PO Box MP320 Mt Pleasant, Harare, Zimbabwe
263 242 745411|librarian@aju.ac.zw